000
00273nam a22001097a 4500
008
160511b xxu||||| |||| 00| 0 eng d
020
_a
0690008570
041
_a
eng
080
_a
316.77
245
_a
Curriculum: Principles and foundations:
_c
Robert S. Zais;
942
_2
udc
_c
BK
999
_c
2027
_d
2027